000 01092cam a2200301 i 4500
001 16608524
003 EG-ScBUE
005 20241023085757.0
008 110112s2011 nyua f b 001 0 eng d
020 _a9780199605873
040 _aDLC
_beng
_erda
_cDLC
_dEG-ScBUE
082 0 4 _222
_a516.36
_bTAU
100 1 _aTaubes, Clifford Henry,
_eauthor.
_928595
245 1 0 _aDifferential geometry :
_bbundles, connections. metrics and curvature /
_cClifford Henry Taubes, Department of Mathematics, Harvard University.
250 _aFirst edition.
264 1 _aNew York, NY :
_bOxford University Press,
_c2011.
300 _axiii, 298 pages :
_billustrations ;
_c24 cm.
336 _2rdacontent
_atext
_btxt
337 _aunmediated
_2rdamedia
_bn
338 _avolume
_bnc
_2rdacarrier
490 0 _aOxford graduate texts in mathematics ;
_v23
504 _aIncludes bibliographical references and index.
650 7 _928594
_aGeometry, Differential.
_2BUEsh
653 _cFebruary2012
655 _vReading book
942 _2ddc
_cBB
999 _c16381
_d16381